ბათუმის შოთა რუსთაველის სახელმწიფო უნივერსიტეტის ბიბლიოთეკა

Oxford Handbook of Dialysis / (ბიბ.ჩანაწერი № 61653)

000 -LEADER
fixed length control field 00664nam a22002057a 4500
005 - DATE AND TIME OF LATEST TRANSACTION
control field 20240410162149.0
008 - FIXED-LENGTH DATA ELEMENTS--GENERAL INFORMATION
fixed length control field 240410s2004 enk||||| |||| 00| 0 eng d
020 ## - INTERNATIONAL STANDARD BOOK NUMBER
International Standard Book Number 9780198529545x
041 ## - LANGUAGE CODE
Language code of text/sound track or separate title eng
080 ## - UNIVERSAL DECIMAL CLASSIFICATION NUMBER
Universal Decimal Classification number 616.6 L-62
100 ## - MAIN ENTRY--PERSONAL NAME
Personal name Levy, Jeremy
9 (RLIN) 21754
245 ## - TITLE STATEMENT
Title Oxford Handbook of Dialysis /
Statement of responsibility, etc. Jeremy Levy, Julie Morgan, Edwina Brown.
264 ## - PRODUCTION, PUBLICATION, DISTRIBUTION, MANUFACTURE, AND COPYRIGHT NOTICE
Place of production, publication, distribution, manufacture Oxford:
Name of producer, publisher, distributor, manufacturer Oxford University Press,
Date of production, publication, distribution, manufacture, or copyright notice 2004.
300 ## - PHYSICAL DESCRIPTION
Extent 904 p.;
Other physical details 19 cm.
653 ## - INDEX TERM--UNCONTROLLED
keyword მედიცინა
653 ## - INDEX TERM--UNCONTROLLED
keyword დიალიზი
700 ## - ADDED ENTRY--PERSONAL NAME
Personal name Morgan, Julie
Relator term ავტორი
9 (RLIN) 21757
700 ## - ADDED ENTRY--PERSONAL NAME
Personal name Brown, Edwina
Relator term ავტორი
9 (RLIN) 21758
942 ## - ADDED ENTRY ELEMENTS (KOHA)
Source of classification or shelving scheme
Koha item type წიგნი
ეგზემპლარები
Withdrawn status Lost status Source of classification or shelving scheme Damaged status Not for loan Permanent Location Current Location Shelving location Date acquired Cost, normal purchase price Full call number Barcode Date last seen Copy number Price effective from Koha item type Public note
          ბათუმის შოთა რუსთაველის სახელმწიფო უნივერსიტეტის მთავარი ბიბლიოთეკა ბათუმის შოთა რუსთაველის სახელმწიფო უნივერსიტეტის მთავარი ბიბლიოთეკა წიგნსაცავი 2024-04-10 93.40 616.6 L-62 67808 2024-04-10 67808 2024-04-10 წიგნი 93 ლ. 40 თ.
          ბათუმის შოთა რუსთაველის სახელმწიფო უნივერსიტეტის მთავარი ბიბლიოთეკა ბათუმის შოთა რუსთაველის სახელმწიფო უნივერსიტეტის მთავარი ბიბლიოთეკა წიგნსაცავი 2024-04-10 79.20 616.6 L-62 67809 2024-04-10 67809 2024-04-10 წიგნი 79 ლ. 20 თ.